<?xml version="1.0" encoding="UTF-8"?><?xml-stylesheet type="text/xsl" href="static/style.xsl"?><OAI-PMH xmlns="http://www.openarchives.org/OAI/2.0/" xmlns:xsi="http://www.w3.org/2001/XMLSchema-instance" xsi:schemaLocation="http://www.openarchives.org/OAI/2.0/ http://www.openarchives.org/OAI/2.0/OAI-PMH.xsd"><responseDate>2026-04-13T05:19:59Z</responseDate><request verb="GetRecord" identifier="oai:www.recercat.cat:2072/461670" metadataPrefix="marc">https://recercat.cat/oai/request</request><GetRecord><record><header><identifier>oai:recercat.cat:2072/461670</identifier><datestamp>2026-03-26T04:36:24Z</datestamp><setSpec>com_2072_98</setSpec><setSpec>col_2072_378192</setSpec></header><metadata><record xmlns="http://www.loc.gov/MARC21/slim" xmlns:dcterms="http://purl.org/dc/terms/" xmlns:xsi="http://www.w3.org/2001/XMLSchema-instance" xmlns:doc="http://www.lyncode.com/xoai" xsi:schemaLocation="http://www.loc.gov/MARC21/slim http://www.loc.gov/standards/marcxml/schema/MARC21slim.xsd">
   <leader>00925njm 22002777a 4500</leader>
   <datafield ind2=" " ind1=" " tag="042">
      <subfield code="a">dc</subfield>
   </datafield>
   <datafield ind2=" " ind1=" " tag="720">
      <subfield code="a">Garrido Espeja, Anna</subfield>
      <subfield code="e">author</subfield>
   </datafield>
   <datafield ind2=" " ind1=" " tag="720">
      <subfield code="a">Soto Alvarado, Macarena</subfield>
      <subfield code="e">author</subfield>
   </datafield>
   <datafield ind2=" " ind1=" " tag="720">
      <subfield code="a">Couso, Digna</subfield>
      <subfield code="e">author</subfield>
   </datafield>
   <datafield ind2=" " ind1=" " tag="260">
      <subfield code="c">2022</subfield>
   </datafield>
   <datafield ind2=" " ind1=" " tag="520">
      <subfield code="a">El objetivo de esta investigación es conocer las percepciones de futuros docentes sobre la modelización como enfoque didáctico para la enseñanza de las ciencias identificando las tensiones didácticas que emergen entre sus preferencias metodológicas y la formación modelizadora vivida. Utilizando un cuestionario semiabierto analizamos la opinión de futuros docentes de dos contextos educativos distintos, 70 futuros docentes de primaria (de Cataluña) y 22 de secundaria (de Chile), sobre la formación vivida. Los resultados muestran que ambos grupos valoran la modelización como útil para aprender ciencias, aunque también valoran otros aspectos no propios de la modelización, con ciertas diferencias entre los dos grupos. Por último, identificamos cuatro tensiones didácticas que considerar en la planificación de cursos de formación inicial de docentes de ciencias.</subfield>
   </datafield>
   <datafield ind2=" " ind1=" " tag="520">
      <subfield code="a">The aim of this research is to find out the perceptions of future teachers about modeling as a teaching methodology in two different educational contexts, after participating as students in a training course based on it. We also aim to identify didactical tensions that emerge from their visions about modeling-based teaching. Using a semi-open questionnaire, we analyzed the opinion of 70 future primary school teachers (in Catalonia) and 22 future secondary school teachers (in Chile) about their own experience. Results show that both groups value modeling as a useful practice for learning science, although they also highlight other aspects that are not specific for modeling with certain differences between the two groups, which are discussed. Finally, we identify four tensions regarding the teaching of science to consider when planning initial teacher education courses within the modeling-based instruction framework.</subfield>
   </datafield>
   <datafield tag="653" ind2=" " ind1=" ">
      <subfield code="a">Formación inicial docente</subfield>
   </datafield>
   <datafield tag="653" ind2=" " ind1=" ">
      <subfield code="a">Modelización</subfield>
   </datafield>
   <datafield tag="653" ind2=" " ind1=" ">
      <subfield code="a">Percepciones</subfield>
   </datafield>
   <datafield tag="653" ind2=" " ind1=" ">
      <subfield code="a">Prácticas científicas</subfield>
   </datafield>
   <datafield tag="653" ind2=" " ind1=" ">
      <subfield code="a">Pre-service teacher education</subfield>
   </datafield>
   <datafield tag="653" ind2=" " ind1=" ">
      <subfield code="a">Modeling</subfield>
   </datafield>
   <datafield tag="653" ind2=" " ind1=" ">
      <subfield code="a">Perceptions</subfield>
   </datafield>
   <datafield tag="653" ind2=" " ind1=" ">
      <subfield code="a">Scientific practices</subfield>
   </datafield>
   <datafield ind2="0" ind1="0" tag="245">
      <subfield code="a">Formación inicial de docentes de ciencia : posibles aportes y tensiones de la modelización</subfield>
   </datafield>
</record></metadata></record></GetRecord></OAI-PMH>